00558nam a2200181 a 450008200230000010000240002324500300004726000340007730000080011150000350011965000270015465000220018165000260020370000240022994200070025395201010026099900150036100a323.39710954bAHM2 aAhmad, Jamal-Ud-din aMuslim India and Its Goal aAligarh bNo Publisher c1940 a40p aincludes index and biblioraphy aMuslims-India-Politics aPakistan-Movement aMuslim-India-politics1 aAhmad, Jamal-Ud-din cBK 00104070aHMIbHMId2007-06-22g100.00l0o323.39710954 AHM2p971r2007-06-22w2026-01-16yEB c2660d2660